Statistics for Cities Beginning With "P" on a Map

Click here to take the quiz!

General Stats

  • This quiz has been taken 17,525 times
  • The average score is 14 of 30

Answer Stats

City % Correct
Paris
91%
Panama City
87%
Perth
86%
Pyongyang
80%
Portland
80%
Philadelphia
80%
Prague
73%
Phoenix
71%
Pretoria
70%
Port-au-Prince
68%
Pittsburgh
65%
Palermo
60%
Phnom Penh
56%
Portsmouth
55%
Port Moresby
47%
Priština
45%
Port of Spain
38%
Providence
37%
Phuket City
30%
Porto Novo
29%
Porto Alegre
28%
Pamplona
27%
Port Elizabeth
27%
Pune
24%
Padua
19%
Plovdiv
15%
Port Harcourt
11%
Patna
10%
Palembang
8%
Pondicherry
8%

Score Distribution

Percentile by Number Answered

Percent of People with Each Score

Your Score History

You have not taken this quiz